Kompetenční modely používa jen každá třetí firma

Kompetenčné modely skvalitňujú personálnu prácu vo firmách, prispievajú k upevňovaniu a propagácii firemných hodnôt, uľahčujú prácu manažérom a personalistom pri nábore, výbere a adaptácii, hodnotení a rozvoji zamestnancov.

Gespeichert in:
Bibliographische Detailangaben
1. Verfasser: Červenková, Alena
Format: Buchkapitel
Sprache:Tschechisch
Schlagworte:
Tags: Tag hinzufügen
Keine Tags, Fügen Sie das erste Tag hinzu!

MARC

LEADER 00000naa a2200000 4500
001 0211727
005 20231113134938.2
041 0 |a cze 
044 |a CZ 
245 1 0 |a Kompetenční modely používa jen každá třetí firma  |c Alena Červenková 
520 |a Kompetenčné modely skvalitňujú personálnu prácu vo firmách, prispievajú k upevňovaniu a propagácii firemných hodnôt, uľahčujú prácu manažérom a personalistom pri nábore, výbere a adaptácii, hodnotení a rozvoji zamestnancov. 
610 2 0 |a nábor pracovníkov 
610 2 0 |a výber pracovníkov 
610 2 0 |a modely kompetenčné 
100 1 |a Červenková, Alena